|
|
|
|
| LEADER |
00781nam a2200217 a 4500 |
| 001 |
c000090205 |
| 003 |
CARM |
| 005 |
00000000000000.0 |
| 008 |
930527c19691953enk 00011 eng d |
| 019 |
1 |
|
|a 10047831
|5 LACONCORD2021
|
| 020 |
|
|
|a 0718105192
|
| 035 |
|
|
|a (OCoLC)13067803
|5 LACONCORD2021
|
| 040 |
|
|
|a VLINC
|c VLINC
|
| 100 |
1 |
|
|a Manchester, William,
|d 1922-
|
| 245 |
1 |
4 |
|a The city of anger :
|b a political novel /
|c by William Manchester.
|
| 260 |
|
|
|a London :
|b Joseph,
|c 1969, c1953.
|
| 300 |
|
|
|a 478 p. ;
|c 21 cm.
|
| 852 |
8 |
|
|b CARM
|h A2:AB33A0
|i B02715
|p 0119141
|f BK
|
| 082 |
0 |
4 |
|a 813.54
|2 20
|
| 999 |
f |
f |
|i cb5d48d6-c8c7-53ad-a6ba-ce957fa05b1a
|s 06ad7350-9c29-534f-9027-c25bff12f667
|
| 952 |
f |
f |
|p Can circulate
|a CAVAL
|b CAVAL
|c CAVAL
|d CARM 1 Store
|e B02715
|f A2:AB33A0
|h Other scheme
|i book
|m 0119141
|